000 00669nam a2200241 i 4500
001 C2-0241775
003 PPAK
005 20180727204010.0
008 020815s1962 my |||| ||||| | may d
040 _aPPAK
_beng
_cPPAK
_erda
082 0 4 _a899.23
_223
090 0 0 _a899.23
_bALI
_dKMI
090 0 0 _a899.23
_bALI
_dKSI
245 0 0 _aPuisi Baharu Melayu (zaman permulaan)
264 1 _aKuala Lumpur :
_bDewan Bahasa dan Pustaka ,
_c1962
300 _axviii, 60 pages ;
_c18 cm
336 _2rdacontent
_atext
337 _2rdamedia
_aunmediated
338 _2rdacarrier
_avolume
650 1 0 _aMalay poetry.
700 0 _aAli Haji Ahmad,
_ecompile
942 _ddc
_cB
999 _c56675
_d56675